Transistor circuit design (Record no. 23504)

000 -LEADER
fixed length control field 00584nam a22002171 4500
001 - CONTROL NUMBER
control field 23504
003 - CONTROL NUMBER IDENTIFIER
control field BD-DhUET
008 - FIXED-LENGTH DATA ELEMENTS--GENERAL INFORMATION
fixed length control field 721219s1963 nyua b 000 0 eng
040 ## - CATALOGING SOURCE
Original cataloging agency DLC
Transcribing agency DLC
Modifying agency BD-DhUET
082 ## - DEWEY DECIMAL CLASSIFICATION NUMBER
Classification number 623.8151
Item number TEX/1963
110 ## - MAIN ENTRY--CORPORATE NAME
Corporate name or jurisdiction name as entry element Texas Instruments Incorporated
245 10 - TITLE STATEMENT
Title Transistor circuit design
250 ## - EDITION STATEMENT
Edition statement 1st ed.
260 ## - PUBLICATION, DISTRIBUTION, ETC. (IMPRINT)
Place of publication, distribution, etc. New York
Name of publisher, distributor, etc. McGraw-Hill
Date of publication, distribution, etc. 1963
300 ## - PHYSICAL DESCRIPTION
Extent xi, 523 p.
Other physical details ill.
Dimensions 26 cm.
504 ## - BIBLIOGRAPHY, ETC. NOTE
Bibliography, etc Includes bibliographies
650 #0 - SUBJECT ADDED ENTRY--TOPICAL TERM
Topical term or geographic name as entry element Transistor : Electronics
700 ## - ADDED ENTRY--PERSONAL NAME
Personal name Walston, Joseph A.
700 ## - ADDED ENTRY--PERSONAL NAME
Personal name Miller, John R.
942 ## - ADDED ENTRY ELEMENTS (KOHA)
Koha item type Corporate Publication
Holdings
Koha normalized classification for sorting Koha item type Damaged status Copy number Piece designation (barcode) Sublocation or collection (holding branch) Location (home branch) Lost status Date acquired Koha date last seen Not for loan Koha full call number Price effective from Shelving location Source of classification or shelving scheme Withdrawn status
623_815100000000000_TEX_1963Corporate Publication 130610Central Library, BUETCentral Library, BUET 2015-05-042015-05-04 623.8151/TEX/1963 2015-05-04Circulation section  
623_815100000000000_TEX_1963Corporate Publication 230607Central Library, BUETCentral Library, BUET 2015-05-042015-05-04 623.8151/TEX/19632015-05-04Circulation section  
623_815100000000000_TEX_1963Corporate Publication 330612Central Library, BUETCentral Library, BUET 2015-05-042015-05-04 623.8151/TEX/1963 2015-05-04Circulation section  
623_815100000000000_TEX_1963Corporate Publication 430613Central Library, BUETCentral Library, BUET 2015-05-042015-05-04 623.8151/TEX/19632015-05-04Circulation section  
623_815100000000000_TEX_1963Corporate Publication 526687Central Library, BUETCentral Library, BUET 2015-05-042015-05-04 623.8151/TEX/1963 2015-05-04Circulation section  
623_815100000000000_TEX_1963Corporate Publication 630608Central Library, BUETCentral Library, BUET 2015-05-072015-05-07 623.8151/TEX/19632015-05-07Circulation section  
623_815100000000000_TEX_1963Corporate Publication 730606Central Library, BUETCentral Library, BUET 2015-05-072015-05-07 623.8151/TEX/19632015-05-07Circulation section  
623_815100000000000_TEX_1963Corporate Publication 830609Central Library, BUETCentral Library, BUET 2015-05-072015-05-07 623.8151/TEX/19632015-05-07Circulation section  
623_815100000000000_TEX_1963Corporate Publication 930604Central Library, BUETCentral Library, BUET 2015-06-252015-06-25 623.8151/TEX/19632015-06-25Reading section  
623_815100000000000_TEX_1963Corporate Publication 109968Central Library, BUETCentral Library, BUET 2015-06-252015-06-25 623.8151/TEX/19632015-06-25Reading section  
623_815100000000000_TEX_1963Corporate Publication 1130605Central Library, BUETCentral Library, BUET 2015-06-252015-06-25 623.8151/TEX/19632015-06-25Reading section